| 000 | 00566nam a2200169Ia 4500 | ||
|---|---|---|---|
| 003 | GCL | ||
| 008 | 140319s9999 xx 000 0 ara d | ||
| 040 |
_aGCL / _cGCL |
||
| 082 | 0 | 4 |
_a373 _bم ن |
| 100 | 1 | _aمحمد السيد روحة | |
| 245 | 1 | 0 |
_aناظر المدرسة الثانوية ومدرسوها يدرسون الشباب / _cمحمد السيد روحة |
| 700 | 1 | _aموريس, جلين | |
| 700 | 1 | _aمحمد سليمان شعلان) | |
| 700 | 1 | _aعدلى سليمان | |
| 300 | _a157 ص | ||
| 490 |
_aالتعليم فى ضوء التجارب _v0 |
||
| 999 |
_c37905 _d37905 |
||